| 000 | 004640000a22001810004500 | ||
|---|---|---|---|
| 003 | MACL | ||
| 005 | 20160110114117.0 | ||
| 008 | 160110b xxu||||| |||| 00| 0 eng d | ||
| 040 |
_aMACL _cMACL |
||
| 041 | _aEnglish | ||
| 082 | _a900/CHA | ||
| 100 |
_aChoudhary, K.P. _930735 |
||
| 245 | _aAudio-Visual Aids in Teaching Indian History | ||
| 260 |
_bAtama Ram & Sons _c1952 _aNew Delhi |
||
| 350 | _a4.00 | ||
| 650 |
_aHistory _930736 |
||
| 942 |
_cBK _k900/CHA _2ddc |
||
| 999 |
_c39022 _d39022 |
||